Estudio comparativo de las normas sobre información contable prospectiva utilizadas en Uruguay y la normativa internacional en la materia (Registro nro. 9664)

Detalles MARC
000 -LEADER
fixed length control field 00426 a2200109 4500
001 - CONTROL NUMBER
control field ART_22399
005 - DATE AND TIME OF LATEST TRANSACTION
control field 20260410161600.0
008 - FIXED-LENGTH DATA ELEMENTS--GENERAL INFORMATION
fixed length control field 260409a
100 1# - MAIN ENTRY--PERSONAL NAME
Personal name Kuster, Christian
245 10 - TITLE STATEMENT
Title Estudio comparativo de las normas sobre información contable prospectiva utilizadas en Uruguay y la normativa internacional en la materia
773 0# - HOST ITEM ENTRY
Title Profesional & Empresaria
Related parts - Año XV, Nº 175 (abr. 2014)
Record control number REV70

No hay ítems disponibles.